[Event "FLORIPA CHESS OPEN 2015"]
[Site "Florianopolis/SC"]
[Date "2015.01.17"]
[Round "8"]
[Board "40"]
[White "Garkauskas, Otto Dmitry"]
[Black "Farah, Daniel Landshoff"]
[Result "1-0"]
[WhiteElo "2202"]
[BlackElo "1879"]
[PlyCount "89"]
[EventDate "2015.01.14"]
[EventRounds "10"]
[EventCountry "BRA"]

1. d4 d5 2. c4 c6 3. Nf3 Nf6 4. Nc3 e6 5. e3 Bd6 6. Qc2 Nbd7 7. b3 O-O 8. Be2
Qe7 9. O-O dxc4 10. bxc4 e5 11. Bb2 Re8 12. Nd2 e4 13. Rfe1 Nf8 14. f3 exf3 15.
Bxf3 Qc7 16. Nf1 Ne6 17. g3 Ng5 18. Bg2 Bh3 19. e4 Bxg2 20. Kxg2 Qd7 21. e5
Qh3+ 22. Kh1 Nf3 23. Red1 Bxe5 24. dxe5 Nxe5 25. Ne2 Qg4 26. Nf4 g5 27. Ng2 Re6
28. Nfe3 Qh3 29. Bxe5 Rxe5 30. Qf2 Ng4 31. Nxg4 Qxg4 32. Rd4 Qe6 33. Qd2 Re8
34. Rd8 h6 35. Rxe8+ Qxe8 36. Re1 Rxe1+ 37. Qxe1 Qd7 38. Ne3 Qd3 39. Kg1 Qa3
40. Qf2 a6 41. Ng4 Qc1+ 42. Qf1 Qb2 43. Nxh6+ Kh7 44. Nxf7 Qd4+ 45. Qf2 1-0

[Event "FLORIPA CHESS OPEN 2015"]
[Site "Florianopolis/SC"]
[Date "2015.01.17"]
[Round "8"]
[Board "41"]
[White "Godoy Olazabal, Artur"]
[Black "Dull, Amanda Paul"]
[Result "1-0"]
[WhiteElo "2198"]
[BlackElo "1867"]
[PlyCount "71"]
[EventDate "2015.01.14"]
[EventRounds "10"]
[EventCountry "BRA"]

1. e4 Nf6 2. e5 Nd5 3. d4 d6 4. Nf3 Nc6 5. exd6 Qxd6 6. c4 Nf6 7. Be2 Bg4 8.
O-O e6 9. Nc3 Be7 10. Nb5 Qd8 11. Be3 O-O 12. Ne5 Bxe2 13. Qxe2 Nb8 14. f4 a6
15. Nc3 Nbd7 16. Rad1 Qe8 17. Qf3 c6 18. g4 Kh8 19. g5 Ng8 20. Qh5 Nxe5 21.
dxe5 f6 22. Qxe8 Raxe8 23. Rd7 b5 24. c5 fxe5 25. fxe5 Rxf1+ 26. Kxf1 Rf8+ 27.
Kg2 Rf5 28. h4 Rxe5 29. Bd4 Rf5 30. Ne4 Rd5 31. Nd6 h6 32. g6 Nf6 33. Bxf6 Bxf6
34. Rc7 Rd2+ 35. Kf3 Rd3+ 36. Ke2 1-0

[Event "FLORIPA CHESS OPEN 2015"]
[Site "Florianopolis/SC"]
[Date "2015.01.17"]
[Round "8"]
[Board "42"]
[White "Reis, Nicolas Rodrigues Dos"]
[Black "Fonseca, Luis Ernesto Serra Az"]
[Result "0-1"]
[WhiteElo "1870"]
[BlackElo "2088"]
[PlyCount "95"]
[EventDate "2015.01.14"]
[EventRounds "10"]
[EventCountry "BRA"]

1. d4 Nf6 2. Nf3 e6 3. c4 Bb4+ 4. Nc3 Nc6 5. g3 O-O 6. Bg2 Qe7 7. O-O Bxc3 8.
bxc3 d6 9. Re1 e5 10. d5 Na5 11. Qa4 b6 12. e4 Qd7 13. Qb4 c5 14. dxc6 Qxc6 15.
Nd2 Ba6 16. Ba3 Rfd8 17. Bf1 Rac8 18. Rad1 Ne8 19. Nf3 Nxc4 20. Bc1 h6 21. a4
Nf6 22. Bxc4 Bxc4 23. Nd2 Bd3 24. Bb2 a5 25. Qa3 Bc2 26. Ra1 Nxe4 27. Nxe4 Bxe4
28. Re2 Bf3 29. Rd2 Qd7 30. c4 e4 31. Qc3 f6 32. Kf1 d5 33. Ke1 Qh3 34. Rd4
Qxh2 35. Qe3 dxc4 36. Bc3 Qh5 37. Kd2 Qe8 38. Kc2 Kh7 39. Ra3 Qc6 40. Qd2 Rxd4
41. Qxd4 Ra8 42. Bd2 Be2 43. Be3 Rb8 44. Bf4 Rb7 45. Qd6 Qxd6 46. Bxd6 Bd3+ 47.
Kc1 Rd7 48. Bf4 0-1

[Event "FLORIPA CHESS OPEN 2015"]
[Site "Florianopolis/SC"]
[Date "2015.01.17"]
[Round "8"]
[Board "43"]
[White "Reis, Virginia Lagrange M."]
[Black "Pereira, Geanfrancesco"]
[Result "0-1"]
[WhiteElo "1865"]
[BlackElo "2046"]
[PlyCount "50"]
[EventDate "2015.01.14"]
[EventRounds "10"]
[EventCountry "BRA"]

1. e4 c5 2. Nf3 Nc6 3. Bb5 Qc7 4. O-O Nf6 5. Re1 e5 6. c3 a6 7. Bxc6 bxc6 8. d4
cxd4 9. cxd4 d6 10. dxe5 dxe5 11. b3 Bg4 12. Bb2 Bb4 13. Nc3 O-O 14. Qe2 Nh5
15. g3 Qd6 16. Red1 Qf6 17. Rd3 Rfe8 18. Rad1 Qg6 19. Kh1 f5 20. exf5 Qxf5 21.
Qe4 Qxe4 22. Nxe4 Nf6 23. Nxf6+ gxf6 24. Kg1 e4 25. Rd7 Bxd7 0-1

[Event "FLORIPA CHESS OPEN 2015"]
[Site "Florianopolis/SC"]
[Date "2015.01.17"]
[Round "8"]
[Board "44"]
[White "Massarioli, Felipe Alvarenga"]
[Black "De Borba, Guilherme"]
[Result "1-0"]
[WhiteElo "2027"]
[BlackElo "1845"]
[PlyCount "65"]
[EventDate "2015.01.14"]
[EventRounds "10"]
[EventCountry "BRA"]

1. d4 Nf6 2. c4 e6 3. Nf3 Bb4+ 4. Bd2 Qe7 5. a3 Bxd2+ 6. Nbxd2 b6 7. g3 Bb7 8.
Bg2 d6 9. O-O O-O 10. Qc2 e5 11. dxe5 dxe5 12. Ng5 Bxg2 13. Kxg2 h6 14. Nge4
Nbd7 15. Rfd1 Rad8 16. Qa4 Nxe4 17. Nxe4 Nc5 18. Nxc5 Qxc5 19. Qb4 Qc6+ 20. Kg1
Qe4 21. e3 Qc2 22. Rxd8 Rxd8 23. Qe7 Rd1+ 24. Rxd1 Qxd1+ 25. Kg2 f6 26. Qxc7
Qc2 27. Qc6 Kh7 28. b4 Qf5 29. e4 Qg6 30. c5 bxc5 31. bxc5 h5 32. h4 a6 33. Qd5
 1-0

[Event "FLORIPA CHESS OPEN 2015"]
[Site "Florianopolis/SC"]
[Date "2015.01.17"]
[Round "8"]
[Board "45"]
[White "Sa, Edivaldo Alves De"]
[Black "Carstens Dobuchak, Thiago"]
[Result "1/2-1/2"]
[WhiteElo "2026"]
[BlackElo "1816"]
[PlyCount "101"]
[EventDate "2015.01.14"]
[EventRounds "10"]
[EventCountry "BRA"]

1. Nf3 d6 2. d4 Nf6 3. g3 g6 4. Bg2 Bg7 5. O-O O-O 6. Re1 Nbd7 7. e4 c5 8. c3
Qc7 9. Bg5 Nb6 10. Nbd2 h6 11. Bf4 Bg4 12. h3 Be6 13. b3 Rac8 14. Rc1 a5 15. d5
Bd7 16. c4 a4 17. g4 axb3 18. axb3 Ra8 19. e5 Nh7 20. exd6 exd6 21. Ne4 Nc8 22.
Qd2 g5 23. Bg3 f5 24. gxf5 Bxf5 25. Re2 Qd7 26. h4 g4 27. Ne1 Nf6 28. Nxf6+
Rxf6 29. Nd3 Ra3 30. Nf4 Rxb3 31. Nh5 Rf8 32. Be4 Rb2 33. Rc2 Rb1+ 34. Rc1
Rxc1+ 35. Qxc1 Bxe4 36. Rxe4 Qf5 37. Nxg7 Qxe4 38. Ne6 Rf6 39. Qb2 Rf7 40. Nd8
Rf8 41. Ne6 Rf7 42. Qb5 Qe1+ 43. Kg2 Re7 44. Qb3 Qe4+ 45. Kh2 b6 46. Nf4 Rf7
47. Ne6 Re7 48. Nd8 Qf3 49. Qb1 Qf6 50. Qd1 Re4 51. Qc2 1/2-1/2

[Event "FLORIPA CHESS OPEN 2015"]
[Site "Florianopolis/SC"]
[Date "2015.01.17"]
[Round "8"]
[Board "46"]
[White "Librelato, Kathie Goulart"]
[Black "Salustiano, Murilo Gimenez"]
[Result "0-1"]
[WhiteElo "1787"]
[BlackElo "2026"]
[PlyCount "93"]
[EventDate "2015.01.14"]
[EventRounds "10"]
[EventCountry "BRA"]

1. e4 c5 2. Nf3 e6 3. d4 cxd4 4. Nxd4 a6 5. Nc3 Qc7 6. f4 Nc6 7. Nxc6 bxc6 8.
Bd3 d5 9. O-O Bc5+ 10. Kh1 Nf6 11. Qf3 Bb7 12. e5 Nd7 13. b3 g6 14. Bb2 Ba7 15.
Rae1 c5 16. Qg3 O-O-O 17. Nd1 h5 18. h4 Nb8 19. c4 dxc4 20. Bxc4 Rd2 21. Be2
Nc6 22. Bc3 Rd7 23. Ne3 Ne7 24. Nc4 Nf5 25. Qf2 Qd8 26. Nd6+ Nxd6 27. exd6 Rg8
28. Rd1 c4 29. Qg3 cxb3 30. axb3 Kb8 31. Bf3 Bxf3 32. Rxf3 f6 33. Rfd3 g5 34.
fxg5 fxg5 35. Qe1 g4 36. g3 Re8 37. Qe5 Qb6 38. Bd4 Qc6+ 39. Kh2 Bxd4 40. Rxd4
Rf8 41. R4d2 Qb6 42. Qe2 Rdf7 43. Qxe6 Rf2+ 44. Rxf2 Qxf2+ 45. Kh1 Qf3+ 46. Kh2
Qxd1 47. Qe3 0-1

[Event "FLORIPA CHESS OPEN 2015"]
[Site "Florianopolis/SC"]
[Date "2015.01.17"]
[Round "8"]
[Board "47"]
[White "Sena Moura, Danielle"]
[Black "Almeida, Heidy Jose Moreira De"]
[Result "0-1"]
[WhiteElo "1841"]
[BlackElo "2014"]
[PlyCount "62"]
[EventDate "2015.01.14"]
[EventRounds "10"]
[EventCountry "BRA"]

1. e4 e6 2. d4 d5 3. Nc3 Be7 4. e5 c5 5. f4 Nh6 6. Nf3 Nc6 7. Ne2 Nf5 8. c3
cxd4 9. cxd4 Qb6 10. a3 a5 11. g3 f6 12. Bh3 fxe5 13. Bxf5 exf5 14. fxe5 O-O
15. Nf4 Qb5 16. Qe2 Qxe2+ 17. Kxe2 Rd8 18. h4 b6 19. Bd2 a4 20. Rac1 Ba6+ 21.
Kf2 Bc4 22. Rcg1 b5 23. g4 fxg4 24. Rxg4 Rf8 25. Rhg1 g6 26. Nxg6 hxg6 27.
Rxg6+ Kf7 28. Rxc6 Ke8 29. Bg5 b4 30. Bxe7 Kxe7 31. Rg7+ Kd8 0-1

[Event "FLORIPA CHESS OPEN 2015"]
[Site "Florianopolis/SC"]
[Date "2015.01.17"]
[Round "8"]
[Board "48"]
[White "Da Silva, Jefferson Rian Ferre"]
[Black "Ferreira, Rodrigo Maycon Miran"]
[Result "1-0"]
[WhiteElo "2000"]
[BlackElo "1844"]
[PlyCount "108"]
[EventDate "2015.01.14"]
[EventRounds "10"]
[EventCountry "BRA"]

1. d4 Nf6 2. c4 g6 3. Nc3 d5 4. cxd5 Nxd5 5. e4 Nxc3 6. bxc3 Bg7 7. Bc4 c5 8.
Ne2 O-O 9. Be3 Qa5 10. Qd2 Nc6 11. h3 cxd4 12. cxd4 Qxd2+ 13. Kxd2 Rd8 14. Kc3
Bd7 15. Rac1 Rac8 16. Kd2 e6 17. Rhd1 Nxd4 18. Nxd4 Bxd4 19. Bxd4 Ba4 20. Bb3
Rxd4+ 21. Ke3 Rxc1 22. Rxc1 Rb4 23. Bxa4 Rxa4 24. Rc2 e5 25. f3 Kg7 26. Kd3 Kf6
27. Kc3 Ra6 28. Kb3 Rb6+ 29. Ka3 Ke6 30. Rc7 h5 31. h4 Rb1 32. Ka4 Rb2 33. a3
Rxg2 34. Rxb7 Rh2 35. Rxa7 Rxh4 36. Ra6+ Ke7 37. Ra5 Kf6 38. Rc5 Rf4 39. Rc3 h4
40. Kb5 h3 41. a4 h2 42. Rc1 Rh4 43. Rh1 Kg5 44. a5 Kf4 45. a6 Kg3 46. a7 Rh8
47. Ra1 Kxf3 48. Kb6 Kxe4 49. Kb7 Kf4 50. a8=Q Rxa8 51. Kxa8 e4 52. Kb7 e3 53.
Kc6 e2 54. Kd5 Kf3 1-0

[Event "FLORIPA CHESS OPEN 2015"]
[Site "Florianopolis/SC"]
[Date "2015.01.17"]
[Round "8"]
[Board "49"]
[White "Zonta, Juliano Artemio"]
[Black "Serafim Junior, Arnor"]
[Result "1-0"]
[WhiteElo "1973"]
[BlackElo "1816"]
[PlyCount "59"]
[EventDate "2015.01.14"]
[EventRounds "10"]
[EventCountry "BRA"]

1. e4 c5 2. Nf3 e6 3. d4 cxd4 4. Nxd4 Nc6 5. c4 Nf6 6. Nc3 Bb4 7. Nxc6 bxc6 8.
Qc2 Qa5 9. Bd2 O-O 10. Bd3 Ba6 11. O-O Rac8 12. a3 Bd6 13. Nb5 Bxh2+ 14. Kxh2
Qb6 15. Nd6 Rb8 16. Bc3 Qc5 17. e5 Ng4+ 18. Kg1 Nxe5 19. Ne4 Nf3+ 20. gxf3 Qh5
21. Kg2 f5 22. Ng3 Qg5 23. Be5 Rbd8 24. f4 Qe7 25. c5 Bxd3 26. Qxd3 Qe8 27. Rh1
Qg6 28. Rag1 d5 29. Kf1 Qe8 30. Qd4 1-0

[Event "FLORIPA CHESS OPEN 2015"]
[Site "Florianopolis/SC"]
[Date "2015.01.17"]
[Round "8"]
[Board "50"]
[White "Hille Junior, Waltercler"]
[Black "Deste, Dayan Kuhn"]
[Result "1/2-1/2"]
[WhiteElo "1761"]
[BlackElo "1970"]
[PlyCount "109"]
[EventDate "2015.01.14"]
[EventRounds "10"]
[EventCountry "BRA"]

1. d4 d6 2. Nf3 Nf6 3. g3 g6 4. Bg2 Bg7 5. O-O O-O 6. c4 e5 7. Nc3 a6 8. h3
exd4 9. Nxd4 Nc6 10. e4 Nxe4 11. Nxc6 Nxc3 12. Nxd8 Nxd1 13. Nxb7 Nxb2 14. Bxb2
Bxb2 15. Rab1 Bg7 16. Nxd6 Bxh3 17. Bxh3 cxd6 18. Rfd1 Rfd8 19. Rb6 Bf8 20. Bg2
Rac8 21. Bd5 a5 22. Rb5 Rc7 23. Rxa5 Rb8 24. Re1 Bg7 25. Re2 Bd4 26. Kg2 Kg7
27. Rb5 Rbc8 28. Rd2 Bc5 29. Rdb2 Re7 30. Kf3 h5 31. Rb7 Rcc7 32. a4 Rxb7 33.
Bxb7 Bd4 34. Rb1 g5 35. g4 h4 36. Bd5 Ra7 37. Rb7 Rxa4 38. Rxf7+ Kg6 39. Re7
Ra3+ 40. Kg2 h3+ 41. Kf1 Ra1+ 42. Re1 Ra3 43. Re6+ Kg7 44. Re7+ Kf8 45. Rh7 Bg7
46. Rh5 Bf6 47. Rh7 Be5 48. Rh5 Bf4 49. Rh7 h2 50. Kg2 Ra1 51. Kf3 h1=Q+ 52.
Rxh1 Rxh1 53. Ke4 Ke7 54. Kf5 Kd7 55. Bxh1 1/2-1/2

[Event "FLORIPA CHESS OPEN 2015"]
[Site "Florianopolis/SC"]
[Date "2015.01.18"]
[Round "9"]
[Board "1"]
[White "Rodriguez Vila, Andres"]
[Black "Bachmann, Axel"]
[Result "1/2-1/2"]
[WhiteElo "2444"]
[BlackElo "2629"]
[PlyCount "119"]
[EventDate "2015.01.14"]
[EventRounds "10"]
[EventCountry "BRA"]

1. e4 e5 2. Nf3 Nc6 3. Bc4 Bc5 4. c3 Nf6 5. d3 a6 6. O-O Ba7 7. Re1 d6 8. Bb3
Ne7 9. d4 Ng6 10. dxe5 Ng4 11. Rf1 N4xe5 12. Nd4 O-O 13. Kh1 Ng4 14. h3 Qh4 15.
Qe1 Re8 16. Nd2 Nf6 17. N2f3 Qh5 18. Ng5 d5 19. Bd1 Bg4 20. Bxg4 Nxg4 21. Qe2
h6 22. Qxg4 Qxg4 23. hxg4 hxg5 24. exd5 Bxd4 25. cxd4 f6 26. f4 gxf4 27. Bxf4
Rad8 28. g5 fxg5 29. Bxc7 Rxd5 30. Rfe1 Rxe1+ 31. Rxe1 Rxd4 32. Re8+ Kf7 33.
Rb8 Rb4 34. b3 Rb5 35. Bg3 Ne7 36. Be1 Nc6 37. Rc8 Re5 38. Bc3 Re7 39. b4 Rd7
40. a4 Ke6 41. b5 axb5 42. axb5 Na7 43. Re8+ Re7 44. Rxe7+ Kxe7 45. b6 Nc8 46.
Bd4 Ke6 47. Kh2 Kd5 48. Bxg7 Nxb6 49. Bh6 Nc4 50. Bxg5 b5 51. Be7 Nd6 52. g4 b4
53. Kg2 b3 54. Bf6 Kc4 55. Kf3 Kd3 56. Ba1 Ne4 57. Kf4 Nf2 58. g5 Nh3+ 59. Kf5
Nxg5 60. Kxg5 1/2-1/2

[Event "FLORIPA CHESS OPEN 2015"]
[Site "Florianopolis/SC"]
[Date "2015.01.18"]
[Round "9"]
[Board "5"]
[White "Di Berardino, Diego Rafael"]
[Black "Caetano, Hugo Zanotti Mendonca"]
[Result "1-0"]
[WhiteElo "2484"]
[BlackElo "2215"]
[PlyCount "63"]
[EventDate "2015.01.14"]
[EventRounds "10"]
[EventCountry "BRA"]

1. d4 d5 2. c4 e6 3. Nc3 c6 4. e3 Bd6 5. Qc2 f5 6. Bd3 Nh6 7. Nge2 O-O 8. Bd2
Qe7 9. h3 Nd7 10. O-O-O a5 11. cxd5 exd5 12. f3 Nb6 13. g4 Nc4 14. Bxc4 dxc4
15. e4 fxe4 16. fxe4 b5 17. e5 Bb4 18. Bxh6 gxh6 19. Ne4 a4 20. a3 Bxa3 21.
bxa3 Qxa3+ 22. Kd2 Qd3+ 23. Qxd3 cxd3 24. Nc1 b4 25. Nxd3 b3 26. Nec5 Ba6 27.
Nxa6 Rxa6 28. Nc5 Ra7 29. Ra1 Rf2+ 30. Kd3 b2 31. Rxa4 Raf7 32. Ra8+ 1-0

[Event "FLORIPA CHESS OPEN 2015"]
[Site "Florianopolis/SC"]
[Date "2015.01.18"]
[Round "9"]
[Board "6"]
[White "Souza, Rafael Cabral De"]
[Black "Paveto, Kevin"]
[Result "0-1"]
[WhiteElo "2173"]
[BlackElo "2437"]
[PlyCount "72"]
[EventDate "2015.01.14"]
[EventRounds "10"]
[EventCountry "BRA"]

1. e4 e5 2. Nf3 Nc6 3. Bc4 Bc5 4. c3 Nf6 5. d3 d6 6. b4 Bb6 7. Qb3 O-O 8. Bg5
a5 9. b5 Nb8 10. a4 Nbd7 11. Nbd2 Nc5 12. Qc2 Ne6 13. Bxe6 fxe6 14. O-O Qe8 15.
Nc4 Bc5 16. d4 exd4 17. cxd4 Bb4 18. e5 Nd5 19. Qe4 Nc3 20. Qh4 d5 21. Nb2 Qg6
22. Kh1 Qe4 23. Qxe4 dxe4 24. Nd2 b6 25. f3 Bb7 26. Nbc4 Rf5 27. Bh4 exf3 28.
Nxf3 Raf8 29. Ne3 Rf4 30. Bg3 Re4 31. Nc2 Re2 32. Nxb4 axb4 33. Rae1 b3 34. Rc1
Rc2 35. Rce1 b2 36. Nh4 Rxf1+ 0-1

[Event "FLORIPA CHESS OPEN 2015"]
[Site "Florianopolis/SC"]
[Date "2015.01.18"]
[Round "9"]
[Board "7"]
[White "Stamenkovic, Dragan"]
[Black "Abrantes, Tiago Garrido"]
[Result "1-0"]
[WhiteElo "2409"]
[BlackElo "2147"]
[PlyCount "117"]
[EventDate "2015.01.14"]
[EventRounds "10"]
[EventCountry "BRA"]

1. d4 Nf6 2. Bg5 Ne4 3. h4 d5 4. Nd2 Nxg5 5. hxg5 Bf5 6. e3 e6 7. g4 Bg6 8. f4
c5 9. c3 Nc6 10. a3 Qb6 11. Qb3 Qxb3 12. Nxb3 c4 13. Nd2 Bd6 14. Ngf3 O-O-O 15.
Nh4 f6 16. gxf6 gxf6 17. O-O-O Bf7 18. Be2 Rdg8 19. Rdg1 Ne7 20. Rg2 Rg7 21.
Rhg1 Rhg8 22. Ndf3 Ng6 23. Kd2 Nxh4 24. Nxh4 Kc7 25. Bf3 b5 26. Rh1 a5 27. Rgh2
b4 28. axb4 axb4 29. Ra1 Rb8 30. Ra7+ Kb6 31. Ra1 Rgg8 32. Rhh1 Ra8 33. cxb4
Bxb4+ 34. Kc2 Rgc8 35. e4 Rxa1 36. Rxa1 dxe4 37. Bxe4 Rd8 38. Rd1 Be8 39. Kb1
Ba4 40. Bc2 Bxc2+ 41. Kxc2 Rd5 42. Nf3 Bd6 43. Re1 Bxf4 44. Rxe6+ Rd6 45. Re4
Bg3 46. Kc3 Kb5 47. Re7 Rb6 48. Rxh7 Bd6 49. Rh5+ Kc6 50. Kxc4 Rxb2 51. Rh6 Be7
52. g5 Rf2 53. gxf6 Bf8 54. Ne5+ Kd6 55. Rg6 Rc2+ 56. Kd3 Ra2 57. Rg8 Ra3+ 58.
Ke4 Ra8 59. Ng6 1-0

[Event "FLORIPA CHESS OPEN 2015"]
[Site "Florianopolis/SC"]
[Date "2015.01.18"]
[Round "9"]
[Board "8"]
[White "Quintiliano Pinto, Renato R."]
[Black "Queiroz, Alberto Becker"]
[Result "1-0"]
[WhiteElo "2364"]
[BlackElo "2111"]
[PlyCount "79"]
[EventDate "2015.01.14"]
[EventRounds "10"]
[EventCountry "BRA"]

1. d4 d5 2. c4 c6 3. Nf3 Nf6 4. Qc2 dxc4 5. Qxc4 Bg4 6. Nc3 Nbd7 7. e4 Qc7 8.
Be3 e5 9. d5 Nb6 10. Bxb6 Qxb6 11. dxc6 bxc6 12. Nxe5 Be6 13. Qxc6+ Qxc6 14.
Nxc6 Bc5 15. Ba6 O-O 16. O-O Rae8 17. Rac1 Bd7 18. Na4 Bd6 19. f3 Bf4 20. Rc2
Re6 21. Bb7 Ne8 22. Rd1 Nd6 23. g3 Be3+ 24. Kg2 Be8 25. Ba8 Bd7 26. e5 Rxa8 27.
exd6 Kf8 28. b4 Rc8 29. b5 a6 30. b6 Rxc6 31. Rxc6 Bxc6 32. d7 Bxd7 33. b7 Re8
34. Rxd7 Ba7 35. Rc7 Re2+ 36. Kh3 Rxa2 37. Rc8+ Ke7 38. Ra8 Bb8 39. Rxb8 Rxa4
40. Rc8 1-0

[Event "FLORIPA CHESS OPEN 2015"]
[Site "Florianopolis/SC"]
[Date "2015.01.18"]
[Round "9"]
[Board "9"]
[White "Silva, Lucas Henrique Da"]
[Black "Delgado, Lidio Dias"]
[Result "0-1"]
[WhiteElo "2096"]
[BlackElo "2262"]
[PlyCount "132"]
[EventDate "2015.01.14"]
[EventRounds "10"]
[EventCountry "BRA"]

1. d4 e6 2. e4 d5 3. exd5 exd5 4. Bd3 Bd6 5. Qf3 Nc6 6. c3 Nge7 7. Ne2 Be6 8.
Bf4 Ng6 9. Bxd6 Qxd6 10. g3 Nce7 11. Nd2 h5 12. O-O-O O-O-O 13. Nf1 Bg4 14. Qg2
h4 15. Ne3 h3 16. Qf1 Bf3 17. Rg1 Kb8 18. Rd2 Nf8 19. Nf4 g5 20. Ne2 Nd7 21.
Nc2 Nf6 22. Ne1 Bh5 23. f3 Bg6 24. Qf2 Rde8 25. g4 Bxd3 26. Nxd3 Ng6 27. Ng3
Nf4 28. Ne5 Rhf8 29. Re1 Re6 30. Kb1 Ka8 31. Nf5 Qd8 32. Red1 Nd7 33. Nd3 Nxd3
34. Rxd3 Nb6 35. Ng7 Rg6 36. Nf5 Re6 37. Re1 Rfe8 38. Rde3 Nc4 39. Rxe6 Rxe6
40. Rxe6 fxe6 41. Ne3 Nd6 42. Qg3 Qh8 43. Kc1 b6 44. Nd1 Kb7 45. Nf2 Nc4 46.
Nxh3 Qh7 47. Nf2 Ne3 48. Ne4 dxe4 49. Qe5 exf3 50. Qxe3 Qf7 51. Qf2 Qf4+ 52.
Kc2 Qxg4 53. Kd3 Qf5+ 54. Ke3 Qf4+ 55. Kd3 g4 56. a3 Qc1 57. Ke4 Qb1+ 58. Kf4
Qf5+ 59. Ke3 a5 60. h3 Qg5+ 61. Kd3 Qg6+ 62. Kd2 Qh6+ 63. Qe3 Qxh3 64. Qe4+ Kb8
65. Qxe6 Qg2+ 66. Kd3 f2 0-1

[Event "FLORIPA CHESS OPEN 2015"]
[Site "Florianopolis/SC"]
[Date "2015.01.18"]
[Round "9"]
[Board "10"]
[White "Gauche, Charles"]
[Black "Zini, Jhone Marcelo"]
[Result "1-0"]
[WhiteElo "2229"]
[BlackElo "2082"]
[PlyCount "103"]
[EventDate "2015.01.14"]
[EventRounds "10"]
[EventCountry "BRA"]

1. e4 c5 2. Nf3 Nc6 3. Nc3 g6 4. g3 Bg7 5. Bg2 e6 6. d3 d6 7. O-O Rb8 8. Bg5
Qc7 9. Qd2 b5 10. a4 b4 11. Nd1 Nd4 12. Rb1 Bd7 13. b3 Bc8 14. Nb2 Ne7 15. Nc4
O-O 16. Bf4 e5 17. Bh6 Nxf3+ 18. Bxf3 Nc6 19. Bxg7 Kxg7 20. Bg2 Nd4 21. Ne3 Be6
22. f4 f6 23. f5 gxf5 24. exf5 Bc8 25. Bd5 Kh8 26. Rbe1 Qg7 27. Qg2 Bb7 28. Rf2
Bxd5 29. Qxd5 Rbd8 30. Qe4 Qh6 31. Rg2 Rf7 32. Kh1 Rg8 33. h4 Qh5 34. Rf1 Rd7
35. Kh2 Rf7 36. Kh3 Rd7 37. Nd5 Qh6 38. Ne3 Qf8 39. g4 Qh6 40. Nd5 Qf8 41. g5
fxg5 42. hxg5 Rf7 43. f6 Ne6 44. Qf5 Qc8 45. Kh2 Nc7 46. Qxc8 Rxc8 47. Ne7 Rcf8
48. g6 hxg6 49. Nxg6+ Kg8 50. Nxe5+ Kh7 51. Nxf7 Rxf7 52. Rf3 1-0

[Event "FLORIPA CHESS OPEN 2015"]
[Site "Florianopolis/SC"]
[Date "2015.01.18"]
[Round "9"]
[Board "11"]
[White "Oliveira, Fernando Henrique"]
[Black "Barbosa, Evandro Amorim"]
[Result "1/2-1/2"]
[WhiteElo "2162"]
[BlackElo "2449"]
[PlyCount "79"]
[EventDate "2015.01.14"]
[EventRounds "10"]
[EventCountry "BRA"]

1. d4 Nf6 2. Nf3 g6 3. g3 Bg7 4. Bg2 d5 5. O-O O-O 6. Nbd2 c6 7. c4 Bf5 8. b3
a5 9. Ne5 Nbd7 10. Nxd7 Qxd7 11. Bb2 Bh3 12. Qc2 Bf5 13. Qd1 Qc7 14. Rc1 Qb6
15. c5 Qc7 16. a3 Nd7 17. b4 axb4 18. axb4 e5 19. e4 dxe4 20. Bxe4 Bh3 21. Bg2
Bxg2 22. Kxg2 exd4 23. Nb3 Ra4 24. Rc4 b5 25. cxb6 Nxb6 26. Rxd4 Nd5 27. Nc5
Ra2 28. Rxd5 cxd5 29. Bxg7 Kxg7 30. Qd4+ Kg8 31. Qxd5 Re2 32. Rd1 Rfe8 33. Nd7
Qc3 34. Rd3 Qg7 35. Rf3 R2e6 36. b5 Rd8 37. b6 Rxb6 38. Nf6+ Qxf6 39. Rxf6 Rxd5
40. Rxb6 1/2-1/2

[Event "FLORIPA CHESS OPEN 2015"]
[Site "Florianopolis/SC"]
[Date "2015.01.18"]
[Round "9"]
[Board "12"]
[White "Abdalla, Luiz Guilherme Aurell"]
[Black "Gotz, Klaus Seiji Furucho"]
[Result "0-1"]
[WhiteElo "2304"]
[BlackElo "2143"]
[PlyCount "114"]
[EventDate "2015.01.14"]
[EventRounds "10"]
[EventCountry "BRA"]

1. d4 Nf6 2. c4 g6 3. Nc3 Bg7 4. e4 d6 5. Nf3 O-O 6. Be2 e5 7. O-O c6 8. Qc2
exd4 9. Nxd4 Re8 10. Rd1 a5 11. Bf4 Qe7 12. Bf3 Nbd7 13. Rd2 Ne5 14. Be2 Be6
15. b3 Rad8 16. Nxe6 Qxe6 17. Rad1 Bf8 18. Be3 Ned7 19. f3 Nh5 20. f4 Nhf6 21.
Bf3 Ng4 22. Bd4 h5 23. h3 Bh6 24. hxg4 hxg4 25. Be2 Bxf4 26. Rd3 Ne5 27. Bxe5
Bxe5 28. g3 Kg7 29. Bf1 Rh8 30. c5 Rh6 31. Qg2 Bxc3 32. Rxc3 Qe5 33. Qd2 Rdh8
34. Qd4 Rh1+ 35. Kf2 R8h2+ 36. Ke3 Qxd4+ 37. Kxd4 dxc5+ 38. Kxc5 Rf2 39. Be2
Rh5+ 40. Kb6 Rxe2 41. Kxb7 Rxe4 42. Kxc6 Rf5 43. Rdd3 Re6+ 44. Kc7 Ref6 45. Rd4
Rf3 46. Rc5 R6f5 47. Rdd5 Rxd5 48. Rxd5 Rxg3 49. Rxa5 Rc3+ 50. Kd6 g3 51. b4 f5
52. Rd5 g2 53. Rd1 Ra3 54. b5 Rxa2 55. Kc7 Rb2 56. b6 f4 57. b7 f3 0-1

[Event "FLORIPA CHESS OPEN 2015"]
[Site "Florianopolis/SC"]
[Date "2015.01.18"]
[Round "9"]
[Board "13"]
[White "De Haro, Martim Afonso Palma"]
[Black "Gazel, Frederico"]
[Result "0-1"]
[WhiteElo "2036"]
[BlackElo "2292"]
[PlyCount "94"]
[EventDate "2015.01.14"]
[EventRounds "10"]
[EventCountry "BRA"]

1. e4 c5 2. Nf3 d6 3. d4 cxd4 4. Nxd4 Nc6 5. Nc3 e6 6. Be2 Nf6 7. O-O a6 8. Kh1
Be7 9. Be3 Qc7 10. Qe1 Nxd4 11. Bxd4 e5 12. Be3 Be6 13. f4 exf4 14. Bxf4 Nd7
15. Nd5 Bxd5 16. exd5 O-O 17. Bd3 Bf6 18. Qe4 g6 19. Bh6 Rae8 20. Qf4 Bg7 21.
Bxg7 Kxg7 22. Rf3 f5 23. Rh3 Ne5 24. Qd4 Kg8 25. c4 Ng4 26. Rf3 Qg7 27. Qxg7+
Kxg7 28. Kg1 Rf7 29. Bf1 Ne3 30. Kf2 Rfe7 31. Rc1 Re5 32. b4 Ng4+ 33. Kg1 Re1
34. Rxe1 Rxe1 35. h3 Nf6 36. Kf2 Ra1 37. a3 Ne4+ 38. Ke2 Kf6 39. g4 Ke5 40.
gxf5 gxf5 41. h4 Rxf1 42. Kxf1 Nd2+ 43. Ke2 Nxf3 44. Kxf3 Kd4 45. c5 Kxd5 46.
Kf4 dxc5 47. bxc5 Ke6 0-1

[Event "FLORIPA CHESS OPEN 2015"]
[Site "Florianopolis/SC"]
[Date "2015.01.18"]
[Round "9"]
[Board "14"]
[White "Pires, Marcos Vinicius Torsani"]
[Black "Borges, Victor Hugo Moreira"]
[Result "1/2-1/2"]
[WhiteElo "2274"]
[BlackElo "2143"]
[PlyCount "118"]
[EventDate "2015.01.14"]
[EventRounds "10"]
[EventCountry "BRA"]

1. Nf3 g6 2. c4 Bg7 3. e4 c5 4. d4 cxd4 5. Nxd4 Nc6 6. Be3 Nf6 7. Nc3 O-O 8.
Be2 d6 9. O-O Bd7 10. Qd2 Nxd4 11. Bxd4 Bc6 12. f3 a5 13. b3 Nd7 14. Bf2 Nc5
15. Rab1 Be5 16. Rfc1 e6 17. Bf1 b6 18. Rc2 f5 19. exf5 gxf5 20. Ne2 Ra7 21.
Nd4 Bxd4 22. Bxd4 e5 23. Bc3 Rg7 24. Kh1 Rg6 25. Rd1 Qh4 26. Qf2 Qh5 27. Rcd2
Rff6 28. Be2 f4 29. Bd3 Rg5 30. Bf1 Rh6 31. h3 Rgg6 32. Kh2 Kf7 33. b4 axb4 34.
Bxb4 Ke7 35. Bxc5 bxc5 36. Rb1 Rg3 37. Rb3 Rhg6 38. Rdb2 Rh6 39. a4 Bxa4 40.
Rb7+ Bd7 41. Ra2 Qh4 42. Qe2 Rg8 43. Raa7 Qg3+ 44. Kg1 Rd8 45. Qe4 Qg6 46. Qc6
Qe6 47. Bd3 Ke8 48. Qb6 Rf6 49. Be4 d5 50. Qxe6+ Bxe6 51. cxd5 Bxd5 52. Re7+
Kf8 53. Bxd5 Rxd5 54. Rxh7 Kg8 55. Rhg7+ Kf8 56. h4 Rh6 57. Rgd7 Rxd7 58. Rxd7
Rxh4 59. Rd5 Rh5 1/2-1/2

[Event "FLORIPA CHESS OPEN 2015"]
[Site "Florianopolis/SC"]
[Date "2015.01.18"]
[Round "9"]
[Board "15"]
[White "Menna Barreto, Felipe Kubiaki"]
[Black "Pirola, Claudionor Alcides Lim"]
[Result "1-0"]
[WhiteElo "2247"]
[BlackElo "2088"]
[PlyCount "65"]
[EventDate "2015.01.14"]
[EventRounds "10"]
[EventCountry "BRA"]

1. d4 Nf6 2. Nf3 g6 3. c4 Bg7 4. Nc3 O-O 5. Bg5 d6 6. e3 h6 7. Bh4 c5 8. d5 a6
9. Nd2 Nbd7 10. Be2 Rb8 11. a4 a5 12. O-O Ne8 13. f4 Ndf6 14. e4 e5 15. dxe6
fxe6 16. e5 dxe5 17. fxe5 Qd4+ 18. Bf2 Qxe5 19. Nf3 Qd6 20. Qxd6 Nxd6 21. Bxc5
Nfe4 22. Nxe4 Nxe4 23. Bxf8 Bxf8 24. Rfd1 Bc5+ 25. Kf1 Kf7 26. Ne5+ Kf6 27.
Ng4+ Kg7 28. Bf3 Ng5 29. Ne5 h5 30. Nd7 Bxd7 31. Rxd7+ Kf6 32. Rxb7 Rd8 33. Rd1
 1-0